000
00278nam a2200121Ia 4500
008
240731s9999 xx 000 0 und d
022
_a
1543-2750
245
0
_a
Quest
260
_b
Routledge
856
_u
https://www.tandfonline.com/loi/uqst20
942
_2
ddc
942
_c
TFEJ
999
_c
79118
_d
79118
945
_a
1
_b
Madushi Gamage
_c
1
_d
Madushi Gamage